|
|
|
|
| LEADER |
00000nab a2200000uu 4500 |
| 001 |
vtls011141616 |
| 003 |
SK-MaSNL |
| 005 |
20260303111035.0 |
| 008 |
230121|1956 xo |||||||||||||||||cze| |
| 015 |
|
|
|a SNBRB
|
| 035 |
|
|
|a (urnnbn)urn:nbn:sk:snk:ar-008cnd
|
| 035 |
|
|
|a (uuid)55f76e2e-4abc-4d6b-aafa-97843da6fe37
|
| 035 |
|
|
|a urn:nbn:sk:snk-abata9
|
| 040 |
|
|
|a SNKBUCL
|b slo
|c SNKBUCL
|e AACR2
|
| 041 |
0 |
|
|a cze
|
| 044 |
|
|
|a xo
|c SK
|
| 100 |
1 |
|
|a Červená, Milada
|4 aut
|9 1123179
|
| 245 |
1 |
0 |
|a JAK JSME ZAČÍNALI
|c Milada Červená
|
| 773 |
0 |
|
|t Předškolní výchova
|g Roč. 10, č. 6 (1956), s. 211-216
|
| 954 |
|
|
|a odborná, vedecká literatúra cudzojazyčná (svetová)
|2 lita
|
| 958 |
|
|
|a OND
|
| 958 |
|
|
|a EUIPO
|
| 958 |
|
|
|a article14
|
| 999 |
|
|
|c 1874530
|d 1876460
|